O niektorých otázkach maďarskej literatúry

Bibliographic Details
Main Author: Révai, József, 1898-1959 (Author)
Other Authors: A. K. (Translator)
Format: Article
Language:Slovak
Hungarian
Subjects:

MARC

LEADER 00000cab a2200000 4500
001 vtls011525725
003 SK-MaSNL
005 20260303181616.0
008 230704|1953 xo |||||||||||||||||slo|
015 |a SNBRB 
035 |a (urnnbn)urn:nbn:sk:snk:ar-008mww 
035 |a (uuid)1a0252d1-8875-427a-bb31-ae0e78bed718 
035 |a urn:nbn:sk:snk-abecyn 
040 |a SNKBUCL  |b slo  |c SNKBUCL  |e AACR2 
041 1 |a slo  |h hun 
044 |a xo  |c SK 
072 7 |a 821.511.1.09  |x Ugrofínske literatúry (o nich)  |2 konspekt 
080 |a 821.511.141  |2 2011 
100 1 |a Révai, József,  |d 1898-1959  |4 aut  |9 125415 
245 1 0 |a O niektorých otázkach maďarskej literatúry  |c Révai József ; preložil A. K. 
600 1 7 |a Reményi, Béla,  |2 SNKMA  |9 567791 
600 1 7 |a Déry, Tibor,  |d 1894-1977  |2 SNKMA  |9 186833 
600 1 7 |a József, Attila,  |d 1905-1937  |2 SNKMA  |9 210880 
600 1 7 |a Petőfi, Sándor,  |d 1823-1849  |2 SNKMA  |9 87509 
600 1 7 |a Eörsi, István,  |d 1931-2005  |2 SNKMA  |9 119631 
600 1 7 |a Ady, Endre,  |d 1877-1919  |2 SNKMA  |9 219074 
600 1 7 |a Hajnal, Anna,  |d 1907-1977  |2 SNKMA  |9 18093 
600 1 7 |a Zelk, Zoltán,  |d 1906-1981  |2 SNKMA  |9 103382 
648 7 |a 1952  |2 snkbucl  |9 308904 
650 0 7 |a maďarská literatúra  |2 SNKPH  |9 1193 
650 0 7 |a analýza  |2 SNKPH  |9 3815 
650 0 7 |a poézia  |2 SNKPH  |9 1274 
650 0 7 |a próza  |2 SNKPH  |9 1490 
650 0 7 |a dejiny  |2 SNKPH  |9 3825 
655 7 |a štúdie  |2 SNKPH  |9 57033 
655 7 |a diskusie  |2 SNKPH  |9 325604 
700 0 |a A. K.  |4 trl  |9 1026080 
773 0 |t Slovenské pohľady  |g Roč. 69, č. 2-3 (1953), s. 194-220 
850 |a Slovenská národná knižnica 
852 |a Slovenská národná knižnica 
954 |a odborná, vedecká literatúra cudzojazyčná (svetová)  |2 lita 
958 |a LX 
958 |a HU 
958 |a OND 
958 |a EUIPO 
958 |a article21 
999 |c 2113549  |d 2115479